[Event "Top Loire 2014-2015"]
[Site "Loire"]
[Date "2015.01.17"]
[Round "4.7"]
[White "Philip, Sylvain"]
[Black "Bacyk, Bruno"]
[Result "1-0"]
[WhiteElo "1750"]
[BlackElo "1682"]
[PlyCount "51"]
[EventDate "2015.??.??"]

1. e4 c6 2. d4 d5 3. exd5 cxd5 4. c4 Nf6 5. Nc3 g6 6. Nf3 Bg4 7. h3 Be6 8. c5
Bg7 9. Bf4 O-O 10. Bd3 Nc6 11. Qa4 Bd7 12. Qa3 Nh5 13. Be3 e5 14. Nxe5 Nxe5 15.
dxe5 Bxe5 16. Nxd5 Bc6 17. Nb4 Bxg2 18. Rg1 Bf3 19. Be2 Bxe2 20. Kxe2 Nf4+ 21.
Bxf4 Bxf4 22. Rad1 Re8+ 23. Kf3 Qf6 24. Nd5 Qf5 25. Qd3 Re4 26. Ne7+ 1-0

[Event "Top Loire 2014-2015"]
[Site "Loire"]
[Date "2015.01.17"]
[Round "4.8"]
[White "Andre, Gregory"]
[Black "Frey, Thierry"]
[Result "0-1"]
[WhiteElo "1846"]
[BlackElo "1845"]
[PlyCount "72"]
[EventDate "2015.??.??"]

1. Nf3 c5 2. c4 b6 3. g3 Bb7 4. Bg2 g6 5. O-O Bg7 6. Na3 Nf6 7. Rb1 O-O 8. d3
d6 9. Bd2 Nbd7 10. Nc2 e5 11. Ng5 Bxg2 12. Kxg2 d5 13. cxd5 Nxd5 14. b4 cxb4
15. Nxb4 Nxb4 16. Rxb4 Nc5 17. Nf3 Qd5 18. Qb1 Rfe8 19. Be3 e4 20. dxe4 Nxe4
21. Kg1 Nc3 22. Qb3 Nxe2+ 23. Kg2 Qxb3 24. Rxb3 Nc3 25. Bd4 Bxd4 26. Nxd4 Ne4
27. Rb2 Rac8 28. Re1 Nd6 29. Rxe8+ Nxe8 30. Nb5 a6 31. Nd4 b5 32. Kf3 Nd6 33.
a4 Rc4 34. Ne2 Rxa4 35. h4 Nc4 36. Rb1 Nd2+ 0-1

[Event "Top Loire 2014-2015"]
[Site "Loire"]
[Date "2015.02.07"]
[Round "5.1"]
[White "Muller, Anthony"]
[Black "Buisine, Roman"]
[Result "1-0"]
[WhiteElo "2152"]
[BlackElo "1685"]
[PlyCount "85"]
[EventDate "2015.??.??"]

1. d4 d5 2. c4 c6 3. Nf3 Nf6 4. Nc3 e6 5. Bg5 Nbd7 6. e3 Qa5 7. Nd2 Bb4 8. Qc2
Ne4 9. Ncxe4 dxe4 10. Bh4 O-O 11. a3 e5 12. Rd1 Bxd2+ 13. Qxd2 Qxd2+ 14. Kxd2
exd4 15. exd4 f5 16. f3 exf3 17. gxf3 Nf6 18. Re1 Kf7 19. Bd3 Bd7 20. Re5 g6
21. Kc3 Rae8 22. Bf2 a6 23. Rhe1 Bc8 24. Bh4 Re6 25. d5 cxd5 26. cxd5 Rxe5 27.
Rxe5 Bd7 28. Bc4 Re8 29. Kd4 h6 30. Rxe8 Bxe8 31. Ke5 g5 32. Bf2 b5 33. Bd3 f4
34. Kd6 Nd7 35. Bd4 h5 36. Bf5 Nf6 37. Be6+ Kg6 38. Ke7 g4 39. Bxf6 g3 40. hxg3
fxg3 41. Bh3 Bf7 42. d6 Bd5 43. d7 1-0

[Event "Top Loire 2014-2015"]
[Site "Loire"]
[Date "2015.02.10"]
[Round "5.2"]
[White "Aumont-Mathieu, Georges"]
[Black "Deville, Olivier"]
[Result "1-0"]
[WhiteElo "1654"]
[BlackElo "1903"]
[PlyCount "61"]
[EventDate "2015.??.??"]

1. e4 c5 2. c3 d5 3. exd5 Qxd5 4. d4 Nf6 5. Nf3 e6 6. Bd3 Nc6 7. O-O Be7 8.
dxc5 Bxc5 9. Qe2 O-O 10. Bf4 Qh5 11. Re1 Rd8 12. h3 b6 13. b4 Bd6 14. Bxd6 Rxd6
15. Nbd2 Bb7 16. Ne4 Nxe4 17. Bxe4 f5 18. Bc2 Ne7 19. Qe5 Rad8 20. Nd4 Ng6 21.
Qg3 e5 22. Nxf5 Rd2 23. Bb3+ Bd5 24. Rxe5 Bxb3 25. axb3 Rd1+ 26. Kh2 R8d3 27.
Qxd3 Rxd3 28. Ne7+ Nxe7 29. Rxh5 Rxc3 30. Rxa7 Ng6 31. Rb5 1-0

[Event "Top Loire 2014-2015"]
[Site "Loire"]
[Date "2015.02.07"]
[Round "5.3"]
[White "Cursoux, Gerard"]
[Black "Pareux, Marc"]
[Result "1-0"]
[WhiteElo "1667"]
[BlackElo "1610"]
[PlyCount "89"]
[EventDate "2015.??.??"]

1. c4 g6 2. Nc3 Bg7 3. g3 e5 4. Bg2 d6 5. d3 Nc6 6. Nf3 f5 7. Bg5 Bf6 8. Bd2
Nge7 9. Bh6 Ng8 10. Bd2 Nce7 11. O-O Bg7 12. Qb3 Nf6 13. Rac1 Nd7 14. a3 h6 15.
e3 g5 16. Ne1 c6 17. Ne2 Nc5 18. Qc2 Ne6 19. Bc3 O-O 20. b4 Bd7 21. d4 e4 22.
f3 d5 23. Bd2 Rc8 24. Nc3 Be8 25. Ne2 Bg6 26. Qb3 Qd6 27. f4 g4 28. Nc2 Bf7 29.
c5 Qd8 30. Nc3 Be8 31. a4 a6 32. Ra1 h5 33. Rfb1 Kh7 34. Bf1 h4 35. b5 hxg3 36.
hxg3 a5 37. bxc6 Bxc6 38. Nb5 Bxb5 39. Qxb5 Nc6 40. Qxb7 Ncxd4 41. exd4 Nxd4
42. Nxd4 Qf6 43. Be3 Rxc5 44. Rb6 Qxd4 45. Bxd4 1-0

[Event "Top Loire 2014-2015"]
[Site "Loire"]
[Date "2015.02.07"]
[Round "5.4"]
[White "Samuel, Christian"]
[Black "Garon, Pierre"]
[Result "1-0"]
[WhiteElo "1879"]
[BlackElo "1913"]
[PlyCount "99"]
[EventDate "2015.??.??"]

1. d4 d5 2. Nf3 Nf6 3. c4 e6 4. g3 Be7 5. Bg2 O-O 6. O-O dxc4 7. Ne5 Nc6 8.
Nxc6 bxc6 9. Bxc6 Rb8 10. Nc3 Qd6 11. Bg2 Bb7 12. e4 Rfd8 13. e5 Qxd4 14. exf6
Qxf6 15. Qa4 Bxg2 16. Kxg2 Bb4 17. Be3 h5 18. Rad1 Bd6 19. Qxc4 Rb4 20. Qc6
Rxb2 21. Nb5 Rxa2 22. Nxd6 cxd6 23. Rxd6 Rb8 24. Qc7 Rb5 25. Bxa7 h4 26. Qd8+
Qxd8 27. Rxd8+ Kh7 28. Be3 Kg6 29. Rh8 hxg3 30. hxg3 Rb3 31. Kh3 f6 32. Rd1 Kf5
33. Rd2 Ra1 34. Kg2 Rbb1 35. Rh5+ Kg4 36. Rh4+ Kf5 37. Rf4+ Kg6 38. Rd7 e5 39.
Rh4 f5 40. Kf3 Ra6 41. Rc4 Kf6 42. Rcc7 e4+ 43. Ke2 g6 44. Rb7 Rba1 45. Rb6+
Rxb6 46. Bxb6 Kg5 47. Be3+ Kg4 48. Rh7 g5 49. Rg7 Ra2+ 50. Bd2 1-0

[Event "Top Loire 2014-2015"]
[Site "Loire"]
[Date "2015.02.07"]
[Round "5.5"]
[White "Carteron, Olivier"]
[Black "Tchalimian, Pascal"]
[Result "0-1"]
[WhiteElo "1670"]
[BlackElo "1913"]
[PlyCount "78"]
[EventDate "2015.??.??"]

1. d4 Nf6 2. Nf3 d5 3. c4 e6 4. Nc3 c6 5. Bg5 Nbd7 6. e3 Bd6 7. cxd5 exd5 8.
Bd3 h6 9. Bh4 O-O 10. O-O Re8 11. a3 a5 12. Rc1 b5 13. Bg3 Bxg3 14. hxg3 Bb7
15. Re1 a4 16. e4 Nb6 17. exd5 Nbxd5 18. Ne5 Qd6 19. Nxb5 cxb5 20. Bxb5 Re7 21.
Bxa4 Nb6 22. Bc6 Rd8 23. Bxb7 Rxb7 24. Nf3 Nbd5 25. b4 Nc7 26. Qc2 Nb5 27. Qb3
Nxd4 28. Nxd4 Qxd4 29. Rcd1 Qb6 30. Rxd8+ Qxd8 31. b5 Qd5 32. Qxd5 Nxd5 33. a4
Ra7 34. Ra1 Ra5 35. Rd1 Nb6 36. Rd8+ Kh7 37. Rb8 Nxa4 38. b6 Rb5 39. Rf8 Kg6
0-1

[Event "Top Loire 2014-2015"]
[Site "Loire"]
[Date "2015.02.07"]
[Round "5.6"]
[White "Vial-Bonacci, Eric"]
[Black "Philip, Sylvain"]
[Result "1/2-1/2"]
[WhiteElo "1970"]
[BlackElo "1750"]
[PlyCount "67"]
[EventDate "2015.??.??"]

1. d4 Nf6 2. Nf3 d5 3. e3 e6 4. Bd3 c5 5. c3 Nc6 6. Nbd2 Bd6 7. O-O O-O 8. Qe2
e5 9. dxe5 Nxe5 10. Nxe5 Bxe5 11. f4 Bd6 12. e4 c4 13. Bc2 Bg4 14. Qf2 Rc8 15.
Qh4 Be2 16. e5 Bc5+ 17. Kh1 Nh5 18. Qh3 g6 19. g4 Bxf1 20. Nxf1 Ng7 21. f5 d4
22. Be4 Qe7 23. Bf4 f6 24. Bd5+ Kh8 25. fxg6 h5 26. gxh5 fxe5 27. h6 exf4 28.
hxg7+ Kxg7 29. Qh7+ Kf6 30. Qh4+ Kxg6 31. Qg4+ Kh6 32. Nd2 Qg5 33. Qh3+ Qh5 34.
Qe6+ 1/2-1/2

[Event "Top Loire 2014-2015"]
[Site "Loire"]
[Date "2015.02.07"]
[Round "5.7"]
[White "Doran, Niall"]
[Black "Frey, Thierry"]
[Result "0-1"]
[WhiteElo "1711"]
[BlackElo "1845"]
[PlyCount "84"]
[EventDate "2015.??.??"]

1. e4 d6 2. d4 Nf6 3. Nc3 g6 4. f4 Bg7 5. Nf3 O-O 6. Bd3 a6 7. O-O c5 8. d5 b5
9. e5 dxe5 10. fxe5 Nxd5 11. Nxd5 Qxd5 12. Qe2 Bb7 13. c4 Qc6 14. cxb5 Qb6 15.
Be3 Nd7 16. b4 Bxf3 17. Rxf3 Nxe5 18. bxc5 Nxf3+ 19. gxf3 Qd8 20. Rd1 axb5 21.
Bxb5 Qa5 22. a4 Rfd8 23. c6 Rxd1+ 24. Qxd1 Rd8 25. Qe2 Qc3 26. Qf2 Rd1+ 27. Kg2
Be5 28. Qe2 Re1 29. Qf2 Rxe3 30. a5 Qe1 31. Qxe1 Rxe1 32. a6 Bc7 33. Kf2 Ra1
34. Ke3 e6 35. Kd4 Kf8 36. Kc5 Ke7 37. Kb4 Kd6 38. Ba4 Bb6 39. Kb3 Kc7 40. Kb4
Rxa4+ 41. Kxa4 Kxc6 42. h3 Kd5 0-1

[Event "Top Loire 2014-2015"]
[Site "Loire"]
[Date "2015.02.06"]
[Round "5.8"]
[White "Bacyk, Bruno"]
[Black "Andre, Gregory"]
[Result "0-1"]
[WhiteElo "1682"]
[BlackElo "1846"]
[PlyCount "78"]
[EventDate "2015.??.??"]

1. c4 Nf6 2. g3 d5 3. cxd5 Qxd5 4. Nf3 c6 5. Nc3 Qa5 6. Bg2 Bg4 7. O-O e6 8.
Qb3 Qc7 9. d4 Nbd7 10. e4 Qb6 11. Qd1 Rd8 12. Qa4 Qb4 13. Qxa7 Bd6 14. e5 Bb8
15. Qa4 Nd5 16. a3 Qxa4 17. Nxa4 Ba7 18. Be3 O-O 19. Nd2 Nxe3 20. fxe3 Nxe5 21.
Ne4 Nc4 22. Rfe1 Nxe3 23. Rxe3 Bxd4 24. Kf2 Bxe3+ 25. Kxe3 e5 26. Nf2 Bc8 27.
Nb6 Be6 28. Rd1 Rxd1 29. Nxd1 f5 30. Nc3 Rd8 31. b4 e4 32. Bf1 Kf7 33. Nc4 Kf6
34. g4 g6 35. h4 Bxc4 36. Bxc4 b5 37. Be2 Ke5 38. gxf5 gxf5 39. Nd1 f4+ 0-1

[Event "Top Loire 2014-2015"]
[Site "Loire"]
[Date "2015.03.28"]
[Round "6.1"]
[White "Tchalimian, Pascal"]
[Black "Muller, Anthony"]
[Result "1/2-1/2"]
[WhiteElo "1913"]
[BlackElo "2152"]
[PlyCount "138"]
[EventDate "2015.??.??"]

1. b3 Nf6 2. Bb2 g6 3. e4 Bg7 4. e5 Nd5 5. Nf3 d6 6. d4 O-O 7. c4 Nb6 8. Be2 a5
9. O-O Nc6 10. exd6 exd6 11. Na3 Re8 12. Nb5 Ne7 13. Qd2 c6 14. Nc3 d5 15. c5
Nd7 16. Na4 Nf5 17. Bd3 b5 18. cxb6 Nxb6 19. Nc5 a4 20. bxa4 Nxa4 21. Nxa4 Rxa4
22. Qc2 Rb4 23. Bc3 Rb8 24. a4 Ra8 25. Rfb1 Ne7 26. a5 Ba6 27. Bb4 Bxd3 28.
Qxd3 Nc8 29. Re1 Rxe1+ 30. Rxe1 Nd6 31. Qc3 Nc4 32. Ra1 Qc7 33. Qe1 Bf8 34.
Bxf8 Kxf8 35. Qb4+ Qe7 36. Qc3 f6 37. h3 Qb7 38. Nd2 Qb2 39. Qxb2 Nxb2 40. Nb3
Nd3 41. Kf1 Nb4 42. Nc5 Na6 43. Na4 Ke7 44. Ke2 Rb8 45. Nb6 Kd6 46. Kd2 Re8 47.
f3 h5 48. g3 c5 49. dxc5+ Nxc5 50. Ra3 Kc6 51. Na4 Ne6 52. Rb3 d4 53. Rb6+ Kd5
54. a6 Ra8 55. Kd3 Nc7 56. Rxf6 Rxa6 57. Nb6+ Kc5 58. Nd7+ Kd5 59. Rxa6 Nxa6
60. Nf8 g5 61. Nh7 Nc5+ 62. Kd2 h4 63. Nxg5 hxg3 64. h4 Ne6 65. Nh3 Ke5 66. h5
Nc5 67. h6 Kf6 68. Nf4 d3 69. Nh5+ Kg6 1/2-1/2

[Event "Top Loire 2014-2015"]
[Site "Loire"]
[Date "2015.03.28"]
[Round "6.2"]
[White "Aumont-Mathieu, Georges"]
[Black "Cursoux, Gerard"]
[Result "0-1"]
[WhiteElo "1654"]
[BlackElo "1667"]
[PlyCount "46"]
[EventDate "2015.??.??"]

1. e4 d6 2. d4 Nf6 3. Nc3 g6 4. Be2 Bg7 5. g4 c6 6. h3 Qc7 7. a3 O-O 8. h4 e5
9. dxe5 dxe5 10. g5 Rd8 11. Bd2 Nfd7 12. Nh3 Nc5 13. Qc1 Bxh3 14. Rxh3 Ne6 15.
Bg4 Nd4 16. Ne2 Nd7 17. Nxd4 exd4 18. f4 Re8 19. Bf3 Nc5 20. e5 Rad8 21. Kf2 d3
22. b4 Qd7 23. Be3 Qxh3 0-1

[Event "Top Loire 2014-2015"]
[Site "Loire"]
[Date "2015.03.28"]
[Round "6.3"]
[White "Deville, Olivier"]
[Black "Samuel, Christian"]
[Result "0-1"]
[WhiteElo "1903"]
[BlackElo "1879"]
[PlyCount "98"]
[EventDate "2015.??.??"]

1. c4 c6 2. Nf3 Nf6 3. e3 d5 4. d4 e6 5. Nbd2 Nbd7 6. Bd3 b6 7. O-O Bb7 8. e4
dxe4 9. Nxe4 Be7 10. Bf4 Nxe4 11. Bxe4 Nf6 12. Bc2 O-O 13. Qd3 c5 14. Be5 Be4
15. Qe2 Bxc2 16. Qxc2 Rc8 17. Rad1 cxd4 18. Rxd4 Qe8 19. Ng5 g6 20. Rh4 Rc5 21.
Qc3 Nh5 22. Rxh5 gxh5 23. Ne4 f5 24. Qg3+ Qg6 25. Nxc5 bxc5 26. Rd1 h4 27.
Qxg6+ hxg6 28. Rd7 Rd8 29. Rxd8+ Bxd8 30. Bd6 Bb6 31. Be7 h3 32. gxh3 Kf7 33.
Bg5 e5 34. Kg2 Ke6 35. Kg3 a6 36. Bd2 Bc7 37. Kh4 e4 38. Kg5 Kf7 39. Be3 Bd6
40. Bf4 Be7+ 41. Kh6 Bf8+ 42. Kh7 Bg7 43. b3 Bd4 44. Bg3 e3 45. fxe3 Bxe3 46.
h4 f4 47. a3 a5 48. b4 cxb4 49. c5 fxg3 0-1

[Event "Top Loire 2014-2015"]
[Site "Loire"]
[Date "2015.03.28"]
[Round "6.4"]
[White "Frey, Thierry"]
[Black "Buisine, Roman"]
[Result "1-0"]
[WhiteElo "1845"]
[BlackElo "1685"]
[PlyCount "105"]
[EventDate "2015.??.??"]

1. Nf3 d5 2. g3 c5 3. Bg2 Nc6 4. O-O e5 5. d3 Bd6 6. e4 dxe4 7. dxe4 Nf6 8. c3
O-O 9. Nbd2 Qc7 10. Qc2 b5 11. a4 b4 12. Rd1 a5 13. Nc4 Be7 14. Bg5 Ba6 15. Ne3
Qb7 16. Bxf6 Bxf6 17. Rd5 Qb6 18. Rad1 Rad8 19. Rxd8 Bxd8 20. Nd5 Qa7 21. Bh3
bxc3 22. bxc3 Bc4 23. Bd7 Nb8 24. Nxe5 Nxd7 25. Nxd7 Re8 26. Ne3 Be6 27. Ne5
Bf6 28. N5c4 g6 29. Nd6 Rb8 30. Nb5 Qe7 31. Nd5 Bxd5 32. exd5 Rd8 33. c4 Be5
34. Re1 Qf6 35. Kg2 Bd4 36. Nxd4 Qxd4 37. Rd1 Qe5 38. Qd3 Kf8 39. d6 Rd7 40.
Qd5 Qe2 41. Qxc5 Ke8 42. Qe3+ Qxe3 43. fxe3 Rb7 44. c5 Rb2+ 45. Kf3 Rc2 46. Rd5
Rc4 47. Ke2 Rxa4 48. Rd4 Ra3 49. Kd2 Rb3 50. c6 Rb8 51. Re4+ Kf8 52. c7 Ra8 53.
d7 1-0

[Event "Top Loire 2014-2015"]
[Site "Loire"]
[Date "2015.03.07"]
[Round "6.6"]
[White "Garon, Pierre"]
[Black "Carteron, Olivier"]
[Result "1-0"]
[WhiteElo "1913"]
[BlackElo "1670"]
[PlyCount "61"]
[EventDate "2015.??.??"]

1. d4 d5 2. Nf3 Nf6 3. e3 Bf5 4. c4 c6 5. cxd5 cxd5 6. Nc3 e6 7. Bd2 Nc6 8. Be2
Be7 9. Ne5 O-O 10. f4 Ne4 11. O-O f6 12. Nd3 Nb4 13. Ne1 Rc8 14. a3 Nc6 15.
Nxe4 Bxe4 16. b4 a6 17. Nd3 b6 18. Qa4 Nb8 19. Qb3 Qd7 20. Rfc1 Rxc1+ 21. Rxc1
Rc8 22. Kf1 Rxc1+ 23. Nxc1 Qc8 24. g4 Qc7 25. Ke1 e5 26. Bd3 Bxd3 27. Qxd5+ Kh8
28. Nxd3 exd4 29. Qxd4 Qb7 30. Nf2 Qg2 31. Qxb6 1-0

[Event "Top Loire 2014-2015"]
[Site "Loire"]
[Date "2015.03.28"]
[Round "6.7"]
[White "Philip, Sylvain"]
[Black "Andre, Gregory"]
[Result "0-1"]
[WhiteElo "1750"]
[BlackElo "1846"]
[PlyCount "100"]
[EventDate "2015.??.??"]

1. e4 e6 2. d4 d5 3. Nd2 Nf6 4. e5 Nfd7 5. c3 c5 6. Bd3 Nc6 7. Ne2 cxd4 8. cxd4
f6 9. exf6 Nxf6 10. Nf3 Bd6 11. O-O Qc7 12. g3 O-O 13. Bf4 e5 14. dxe5 Nxe5 15.
Nxe5 Bxe5 16. Rc1 Qd6 17. Kg2 Qe6 18. f3 Nh5 19. Bxe5 Qxe5 20. f4 Qxb2 21. Rc2
Qb6 22. Nd4 Nf6 23. Re1 Kh8 24. Nf3 Ng4 25. Qd2 Qh6 26. Nh4 d4 27. Be4 Ne3+ 28.
Rxe3 dxe3 29. Qxe3 Re8 30. Qf3 Qb6 31. Re2 Bd7 32. Qd3 Bc6 33. Nf3 Rxe4 34.
Rxe4 Bxe4 35. Qxe4 Qc6 36. Qxc6 bxc6 37. Ne5 c5 38. Kf2 Kg8 39. Ke3 Rd8 40. Nc6
Rd7 41. Ne5 Rd1 42. Nd3 Ra1 43. Nxc5 Rxa2 44. h4 Ra3+ 45. Nd3 Kf7 46. g4 Ke6
47. Kd4 Rxd3+ 48. Kxd3 Kd5 49. f5 Ke5 50. h5 h6 0-1

[Event "Top Loire 2014-2015"]
[Site "Loire"]
[Date "2015.03.28"]
[Round "6.8"]
[White "Doran, Niall"]
[Black "Bacyk, Bruno"]
[Result "1-0"]
[WhiteElo "1711"]
[BlackElo "1682"]
[PlyCount "87"]
[EventDate "2015.??.??"]

1. e4 c6 2. d4 d5 3. exd5 cxd5 4. c4 Nf6 5. Nf3 Be6 6. Qb3 dxc4 7. Qxb7 Bd5 8.
Qb5+ Qd7 9. Qxd7+ Nbxd7 10. Be2 e6 11. Nc3 Bb4 12. O-O O-O 13. Bd2 Bxc3 14.
Bxc3 Ne4 15. Nd2 Nxc3 16. bxc3 Nb6 17. a4 a5 18. Rfb1 Rfb8 19. Ra2 Bc6 20. Rab2
Nd7 21. Rxb8+ Rxb8 22. Rxb8+ Nxb8 23. Nxc4 Bxa4 24. Nxa5 Kf8 25. f3 Ke7 26. Kf2
Nc6 27. Nxc6+ Bxc6 28. Ke3 Kd6 29. Bd3 f5 30. Kf4 h6 31. h4 g6 32. g4 Bd7 33.
Bc2 Bc6 34. Bb3 Bd7 35. c4 Be8 36. c5+ Ke7 37. Ke5 fxg4 38. fxg4 Bd7 39. g5
hxg5 40. hxg5 Bc8 41. Bc2 Kf7 42. Kd6 Ba6 43. Kd7 Bb5+ 44. c6 1-0

[Event "Top Loire 2014-2015"]
[Site "Loire"]
[Date "2015.05.23"]
[Round "7.2"]
[White "Cursoux, Gerard"]
[Black "Samuel, Christian"]
[Result "0-1"]
[WhiteElo "1679"]
[BlackElo "1843"]
[PlyCount "72"]
[EventDate "2015.??.??"]

1. e4 c5 2. Nc3 Nc6 3. g3 d6 4. d3 Nf6 5. Bg2 g6 6. f4 Bg7 7. Nf3 Rb8 8. O-O
Bd7 9. Kh1 Qc8 10. Be3 b5 11. Rb1 b4 12. Ne2 Qa6 13. Qd2 Ng4 14. Bg1 O-O 15. h3
Nf6 16. g4 h5 17. g5 Nh7 18. d4 cxd4 19. Nfxd4 Nxd4 20. Nxd4 e5 21. fxe5 dxe5
22. Nf3 Be6 23. Qf2 Qc8 24. Kh2 a5 25. a3 bxa3 26. bxa3 Qc3 27. Qc5 Rbc8 28.
Qxc3 Rxc3 29. Rb2 Rfc8 30. a4 Bf8 31. h4 Rxc2 32. Rxc2 Rxc2 33. Bb6 Bb4 34.
Nxe5 Bd6 35. Bxa5 Ra2 36. Rd1 Rxa4 0-1

[Event "Top Loire 2014-2015"]
[Site "Loire"]
[Date "2015.05.23"]
[Round "7.3"]
[White "Frey, Thierry"]
[Black "Tchalimian, Pascal"]
[Result "1-0"]
[WhiteElo "1841"]
[BlackElo "1938"]
[PlyCount "65"]
[EventDate "2015.??.??"]

1. Nf3 Nf6 2. g3 g6 3. Bg2 Bg7 4. O-O O-O 5. d3 d5 6. Nbd2 c5 7. e4 e6 8. c3
Nc6 9. e5 Nd7 10. d4 f6 11. exf6 Qxf6 12. Nb3 cxd4 13. cxd4 h6 14. Be3 g5 15.
Qd2 Nb6 16. Nc5 Nc4 17. Qe2 e5 18. Nxe5 N4xe5 19. Bxd5+ Kh8 20. dxe5 Qxe5 21.
Bxc6 bxc6 22. Nd3 Qf6 23. f4 Qe7 24. fxg5 Rxf1+ 25. Rxf1 Ba6 26. gxh6 Bf6 27.
Qf2 Bxd3 28. Qxf6+ Qxf6 29. Rxf6 Be4 30. Rf7 a6 31. Re7 Bd3 32. Bd4+ Kg8 33.
Rg7+ 1-0

[Event "Top Loire 2014-2015"]
[Site "Loire"]
[Date "2015.05.23"]
[Round "7.4"]
[White "Garon, Pierre"]
[Black "Aumont-Mathieu, Georges"]
[Result "1-0"]
[WhiteElo "1902"]
[BlackElo "1650"]
[PlyCount "73"]
[EventDate "2015.??.??"]

1. d4 Nf6 2. Nf3 e6 3. e3 b6 4. Bd3 Bb7 5. Nbd2 d5 6. b3 Bb4 7. Bb2 Ne4 8. O-O
Nd7 9. c4 Ndf6 10. Rc1 O-O 11. a3 Bd6 12. Ne5 Qe7 13. Nb1 h5 14. f3 Ng5 15. Qe2
Rac8 16. b4 c5 17. dxc5 bxc5 18. b5 Qc7 19. f4 Nge4 20. Nd2 Qa5 21. Rfd1 Be7
22. Bxe4 dxe4 23. Nb3 Qc7 24. Rd2 Rfd8 25. Rcd1 Rxd2 26. Rxd2 Rd8 27. a4 Rxd2
28. Qxd2 Qd6 29. Qxd6 Bxd6 30. Na5 Ba8 31. h3 Bxe5 32. Bxe5 Nd7 33. Bd6 f6 34.
Nb3 Nb6 35. Bxc5 Nxc4 36. Bxa7 Nd6 37. Bc5 1-0

[Event "Top Loire 2014-2015"]
[Site "Loire"]
[Date "2015.05.23"]
[Round "7.5"]
[White "Buisine, Roman"]
[Black "Deville, Olivier"]
[Result "0-1"]
[WhiteElo "1686"]
[BlackElo "1934"]
[PlyCount "84"]
[EventDate "2015.??.??"]

1. e4 c5 2. Nf3 d6 3. Bb5+ Nd7 4. O-O Ngf6 5. Re1 a6 6. Bf1 Qc7 7. c3 e6 8. d4
b5 9. a4 b4 10. e5 dxe5 11. dxe5 Nd5 12. c4 Ne7 13. Ng5 Bb7 14. f4 Nf5 15. Nd2
h6 16. Ngf3 O-O-O 17. Qc2 Nd4 18. Nxd4 cxd4 19. Ne4 Nc5 20. Nxc5 Bxc5 21. Bd3
g5 22. f5 Kb8 23. f6 g4 24. Kh1 h5 25. Bf4 Bf8 26. Qd2 a5 27. Rac1 h4 28. Be4
h3 29. Qd3 hxg2+ 30. Kxg2 Rh3 31. Bg3 Bh6 32. Rc2 Bf4 33. Bxb7 Qxb7+ 34. Qe4
Qxe4+ 35. Rxe4 Bxg3 36. hxg3 Rdh8 37. Rxd4 Rh2+ 38. Kg1 Rxc2 39. Rxg4 Rd8 40.
Rf4 Rd1+ 41. Rf1 Rxf1+ 42. Kxf1 Rxc4 0-1

[Event "Top Loire 2014-2015"]
[Site "Loire"]
[Date "2015.05.23"]
[Round "7.6"]
[White "Andre, Gregory"]
[Black "Carteron, Olivier"]
[Result "1-0"]
[WhiteElo "1846"]
[BlackElo "1580"]
[PlyCount "103"]
[EventDate "2015.??.??"]

1. Nf3 d5 2. c4 c6 3. b3 Bg4 4. e3 e6 5. Bb2 Nf6 6. Be2 Bd6 7. Qc2 O-O 8. O-O
e5 9. d3 Re8 10. Rd1 Nbd7 11. e4 d4 12. h3 Bh5 13. Nbd2 Bb4 14. Nf1 b5 15. a3
Bd6 16. g4 Bg6 17. Ng3 Nf8 18. c5 Bc7 19. b4 Ne6 20. Bf1 h6 21. a4 a6 22. axb5
axb5 23. Rxa8 Qxa8 24. Ra1 Qb7 25. Qb3 Ra8 26. Rxa8+ Qxa8 27. Qa3 Qxa3 28. Bxa3
Nf4 29. Bb2 Nd7 30. Bc1 Ne6 31. Nh4 Bd8 32. Ng2 Ng5 33. Ne1 Ne6 34. Ne2 Bg5 35.
Kg2 Bxc1 36. Nxc1 Nf4+ 37. Kg3 f6 38. Nc2 Bf7 39. Nxd4 Nxd3 40. Bxd3 exd4 41.
f4 Bc4 42. Kf3 g5 43. Ne2 Bxd3 44. Nxd4 Nb8 45. e5 fxe5 46. fxe5 Bc4 47. Ke4
Bd5+ 48. Kf5 Na6 49. Kf6 Nxb4 50. e6 Kf8 51. e7+ Ke8 52. Nf5 1-0

[Event "Top Loire 2014-2015"]
[Site "Loire"]
[Date "2015.05.23"]
[Round "7.7"]
[White "Philip, Sylvain"]
[Black "Doran, Niall"]
[Result "0-1"]
[WhiteElo "1750"]
[BlackElo "1723"]
[PlyCount "54"]
[EventDate "2015.??.??"]

1. e4 c5 2. Nf3 Nc6 3. Bb5 e6 4. O-O g6 5. d3 Bg7 6. Nc3 Nge7 7. a3 O-O 8. Re1
Qc7 9. g3 d5 10. exd5 exd5 11. Bf4 Qd8 12. Kg2 Bg4 13. Bxc6 Nxc6 14. h3 Be6 15.
Qd2 Qd7 16. Ng5 Rae8 17. Nxe6 fxe6 18. Bh6 Bxh6 19. Qxh6 Nd4 20. Rac1 Rf3 21.
Ne2 Qf7 22. Nf4 e5 23. c3 exf4 24. Rxe8+ Qxe8 25. cxd4 Qe2 26. gxf4 Rxf2+ 27.
Kg3 Rg2+ 0-1

[Event "Top Loire 2014-2015"]
[Site "Loire"]
[Date "2015.05.23"]
[Round "7.8"]
[White "Bacyk, Bruno"]
[Black "Vial-Bonacci, Eric"]
[Result "0-1"]
[WhiteElo "1682"]
[BlackElo "1960"]
[PlyCount "100"]
[EventDate "2015.??.??"]

1. e4 c5 2. Nc3 g6 3. f4 Bg7 4. Nf3 Nc6 5. Bb5 a6 6. Bxc6 bxc6 7. O-O d6 8. d3
Rb8 9. e5 d5 10. h3 h5 11. Qe1 Qb6 12. Kh1 Nh6 13. Rb1 Nf5 14. Qf2 h4 15. Ne2
a5 16. d4 cxd4 17. Nfxd4 Ng3+ 18. Nxg3 hxg3 19. Qxg3 Qxd4 20. Qe3 Qc4 21. Bd2
d4 22. Qf3 Be6 23. b3 Qxc2 24. Qf2 Bd5 25. Kh2 Qc5 26. Rbc1 Qa7 27. Rc2 e6 28.
Rfc1 Bf8 29. Qe1 d3 30. Be3 Qa6 31. Rf2 Ba3 32. Rd1 Bb4 33. Bd2 Bc5 34. Be3 Ba3
35. Bc1 Bxc1 36. Rxc1 a4 37. Qc3 axb3 38. Rb1 O-O 39. axb3 Rfd8 40. Rd2 Kg7 41.
f5 gxf5 42. Rxd3 f4 43. Rd4 Qe2 44. Rd2 Qe3 45. Rd3 Qe4 46. Rb2 Rb7 47. Rf3
Rdb8 48. Qc1 Rxb3 49. Rxf4 Qxe5 50. Rbf2 Rb2 0-1